000 00436pab a2200157 454500
008 180718b2009 xxu||||| |||| 00| 0 eng d
100 _aSharma, Chanchal Kumar
245 _aEmerging dimensions of decentralisation debate in the age of globalisation
260 _c2009
300 _ap.47-65.
650 _aGlobalization
650 _aDecentralization
773 _aIndian Journal of Federal Studies
908 _aN
909 _a81785
999 _c81785
_d81785